| LDR | | 04083cmm u2200685 i 4500 |
| 001 | | 000000340358 |
| 003 | | EBZ |
| 005 | | 20260127111721 |
| 006 | | m d |
| 007 | | cr cnu|||||||| |
| 008 | | 250510s2025 enka ob 001 0 eng d |
| 020 | |
▼a 1805010077
▼q electronic book |
| 020 | |
▼a 9781805010074
▼q electronic book |
| 020 | |
▼z 9781805010067
▼q paperback |
| 020 | |
▼z 1805010069
▼q paperback |
| 037 | |
▼a aws9dsg9
▼b cloudLibrary
▼n https://yourcloudlibrary.com |
| 040 | |
▼a EBZ
▼b eng
▼c EBZ
▼d 248032 |
| 049 | |
▼a MAIN |
| 050 | 4 |
▼a HV751.A6
▼b D48 2025 |
| 060 | 4 |
▼a HV 713 |
| 072 | 7 |
▼a SOC025000
▼2 bisacsh |
| 072 | 7 |
▼a POL019000
▼2 bisacsh |
| 072 | 7 |
▼a POL028000
▼2 bisacsh |
| 072 | 7 |
▼a POL000000
▼2 bisacsh |
| 072 | 7 |
▼a SOC016000
▼2 bisacsh |
| 072 | 7 |
▼a SOC000000
▼2 bisacsh |
| 082 | 04 |
▼a 361.3092 |
| 100 | 1 |
▼a Devine, Richard,
▼e author. |
| 245 | 10 |
▼a Messy social work :
▼b learning from frontline practice with children and families /
▼c Richard Devine ; foreword by Andrew Turnell. |
| 260 | |
▼a London ;
▼a Philadelphia :
▼b Jessica Kingsley Publishers,
▼c 2025. |
| 300 | |
▼a 1 online resource (190 pages :
▼b illustrations) |
| 336 | |
▼a text
▼b txt
▼2 rdacontent |
| 337 | |
▼a computer
▼b c
▼2 rdamedia |
| 338 | |
▼a online resource
▼b cr
▼2 rdacarrier |
| 341 | 0 |
▼a textual
▼2 sapdv
▼3 EBSCOhost |
| 504 | |
▼a Includes bibliographical references and index. |
| 505 | 0 |
▼a Deciding to be a social worker -- Working with children -- Working directly with children -- Working with parents -- Working directly with parents -- Assessment : making meaning and links -- Helping children and families -- Making decisions and removing children -- Managing time and making a difference -- The child protection social worker role. |
| 520 | |
▼a "Social work is a complex career - a hugely rewarding way to make a difference in people's lives, paired with an enormous responsibility to get it right. This (unofficial) guide, grounded in the author's decade-long experience on the front line of child protection, explores the intersection between these points and how to handle the challenges of the job while celebrating its joys. This isn't a tidy list of textbook situations and perfect solutions - there are mistakes of all shapes and sizes, there are consequences, and (most importantly) there are reflections on what went wrong and how to not do the same thing in your own practice. Case studies and vignettes look into the realities of child protection from both perspectives, and what happens when what should happen doesn't match with what does."--
▼c Provided by publisher. |
| 532 | 0 |
▼3 EBSCOhost
▼a "EBSCO evaluates our products based on the Web Content Accessibility Guidelines (WCAG) and the related Section 508 and EN 301 549 regulations in the US and EU. Most EBSCO products are substantially conformant with WCAG 2.2 level AA." Source: https://connect.ebsco.com/s/article/EBSCO-VPATs?language=en_US. Last accessed April 22, 2025. |
| 588 | 0 |
▼a Online resource; title from digital title page (ProQuest Ebook Central, viewed September 30, 2025). |
| 590 | |
▼a WorldCat record variable field(s) change: 050 |
| 650 | 0 |
▼a Social work with children. |
| 650 | 0 |
▼a Family social work. |
| 650 | 0 |
▼a Social workers. |
| 650 | 0 |
▼a Social service. |
| 650 | 2 |
▼a Social Work |
| 650 | 2 |
▼a Social Workers |
| 650 | 7 |
▼a social workers.
▼2 aat |
| 650 | 7 |
▼a Social Work.
▼2 bisacsh |
| 650 | 7 |
▼a Social Services & Welfare.
▼2 bisacsh |
| 650 | 7 |
▼a Public Policy.
▼2 bisacsh |
| 650 | 7 |
▼a POLITICAL SCIENCE.
▼2 bisacsh |
| 650 | 7 |
▼a Human Services.
▼2 bisacsh |
| 650 | 7 |
▼a SOCIAL SCIENCE.
▼2 bisacsh |
| 655 | 0 |
▼a Electronic books. |
| 700 | 1 |
▼a Turnell, Andrew,
▼e writer of foreword.
▼1 https://id.oclc.org/worldcat/entity/E39PCjKDjMfyPRVMfH8cBQCw3P |
| 776 | 08 |
▼i Print version:
▼a Devine, Richard.
▼t Messy social work.
▼d London ; Philadelphia : Jessica Kingsley Publishers, 2025
▼z 9781805010067 |
| 776 | 1 |
▼z 9781805010067 |
| 856 | 40 |
▼3 EBSCOhost
▼u https://search.ebscohost.com/login.aspx?direct=true&scope=site&db=nlebk&db=nlabk&AN=3907165 |
| 938 | |
▼a EBSCOhost
▼b EBSC
▼n 3907165 |
| 990 | |
▼a 관리자 |